000 00400nam a2200181Ia 4500
005 20240823005331.0
008 240823s9999||||xx |||||||||||||| ||und||
082 _A510.212 L4
100 _aOLiver
245 0 _aClarks Tables
250 _a1st
260 _c1974
_b"Oliver,Edinburg"
500 _aTransfered
650 _aTables
_bGeneral
700 _a Boyd
942 _cBK
999 _c155427
_d155427